Central Library OPAC University of Rajshahi

Guide to Ajanta frescoes / (Record no. 76598)

MARC details
000 -LEADER
fixed length control field 01090nam a2200289 a 4500
001 - CONTROL NUMBER
control field 76598
003 - CONTROL NUMBER IDENTIFIER
rucl marc code BD-RjUL
005 - DATE AND TIME OF LATEST TRANSACTION
control field 20211209082849.0
008 - FIXED-LENGTH DATA ELEMENTS--GENERAL INFORMATION
fixed length control field 191224s1935 ii 000 0 eng d
035 ## - SYSTEM CONTROL NUMBER
System control number OCLC ocm13598543 from D970416M
System control number (BD-RjUL)76822
040 ## - CATALOGING SOURCE
Original cataloging agency PAU
Transcribing agency PAU
Modifying agency EQO
-- BD-RjUL
Language of cataloging eng
041 ## - LANGUAGE CODE
Language code of text/sound track or separate title eng
082 ## - DEWEY DECIMAL CLASSIFICATION NUMBER
Edition number 23
Classification number 759.954
Author mark and year HYG 1935
110 1# - MAIN ENTRY--CORPORATE NAME
Corporate name or jurisdiction name as entry element Hyderabad (India : State).
Subordinate unit Archaeological Department.
9 (RLIN) 236822
245 10 - TITLE STATEMENT
Title Guide to Ajanta frescoes /
Statement of responsibility, etc. Hyderabad (India : State). Archaeological Department
250 ## - EDITION STATEMENT
Edition statement Rev. ed.
260 ## - PUBLICATION, DISTRIBUTION, ETC. (IMPRINT)
Place of publication, distribution, etc. Hyderabad-Deccan :
Name of publisher, distributor, etc. The Archaeological Dept., H.E.H. The Nizam's Govt.,
Date of publication, distribution, etc. 1935.
300 ## - PHYSICAL DESCRIPTION
Pagination 40 p., [14] leaves of plates :
Illustrations ill. (some col.), plans ;
Size 25 cm.
500 ## - GENERAL NOTE
General note "Fifth edition"--prefatory note.
General note Prefatory note signed by G. Yazdani.
650 #0 - SUBJECT ADDED ENTRY--TOPICAL TERM
Topical term or geographic name as entry element Buddhist mural painting and decoration
Geographic subdivision India
-- Ajanta.
9 (RLIN) 236823
651 #0 - SUBJECT ADDED ENTRY--GEOGRAPHIC NAME
Geographic name Ajanta (India)
General subdivision Antiquities.
9 (RLIN) 236824
Geographic name Ajanta Caves (India).
9 (RLIN) 236825
700 1# - ADDED ENTRY--PERSONAL NAME
Personal name Yazdani, Ghulam,
Dates associated with a name 1885-1962.
942 ## - ADDED ENTRY ELEMENTS (KOHA)
Source of classification or shelving scheme Dewey Decimal Classification
Koha item type Books
Holdings
Lost status Source of classification or shelving scheme Damaged status Not for loan Collection code Permanent Location Current Location Shelving location Date acquired Total Checkouts Full call number Date last seen Copy number Koha item type
  Dewey Decimal Classification   Not For Loan Non-fiction Central Library, University of Rajshahi Central Library, University of Rajshahi Reading Room 24/12/2019   759.954 HYG 1935 24/12/2019 C-1 Books